000 00241nam a2200097Ia 4500
005 20251222175817.0
008 251222s9999||||xx |||||||||||||| ||spa||
082 _aDVD0070/A38/2000
245 0 _aCanciones de libertad:Freedom Song
942 _cDVD
999 _c40351
_d40351